000 00547nam a22001817a 4500
003 UA-OsUOA
001 9178
007 ta
008 20041021b un ||||| |||| 00| 0 ukr d
100 _aДяконова Є.
942 _cSA
040 _aUA-OsUOA
_cUA-OsUOA
_dUA-OsUOA
245 _aІкони старого Бахмута : [ про реставровані ікони Артемівська ]
300 _aС.40
955 _a0
773 0 _w0
_tУкраїнська культура
_dКиїв
_d2004
_g№9
650 7 _aІконопис
_2UDC
999 _c295339
_d295339